Lagu : 'Membaca Gaya Wawasan" - Kempen Membaca Kebangsaan 2002 [

Bibliographic Details
Corporate Author: Perpustakaan Negara Malaysia
Format: Book
Language:Malay
Published: Kuala Lumpur : Perpustakaan Negara Malaysia , 2002

MARC

LEADER 00000cam a2200000 7i4500
001 0000022433
005 20090928.0
008 090928 my g v may
040 |a INS 
090 0 0 |a VCD 1764 
245 0 0 |a Lagu :   |b 'Membaca Gaya Wawasan" - Kempen Membaca Kebangsaan 2002 [  |h digital audio] 
260 |a Kuala Lumpur :   |b Perpustakaan Negara Malaysia ,   |c 2002 
300 |a 1 compact disc (6 min) :   |b sd. col. ;   |c 4 3/4 in. 
710 1 |a Perpustakaan Negara Malaysia 
999 |a VCD0001764   |b DIGITAL VIDEO CD   |c Media Collection   |e Default branch